[Event "Warsaw Maciei Memorial"]
[Site "Warsaw"]
[Date "2023.07.10"]
[Round "1"]
[White "Spoczynski, Marcin"]
[Black "Rogulski, Witold"]
[Result "1-0"]
[WhiteElo "1256"]
[BlackElo "2110"]
[PlyCount "48"]
[EventDate "2023.07.10"]
[EventType "swiss (blitz)"]
[EventRounds "11"]
[EventCountry "POL"]
[SourceTitle "CBM 215 Extra"]
[Source "ChessBase"]
[SourceDate "2023.09.30"]
[SourceVersion "1"]
[SourceVersionDate "2023.09.30"]
[SourceQuality "1"]

1. e4 d6 2. d4 Nf6 3. Nc3 c6 4. Bd3 Qc7 5. Nf3 e5 6. 0-0 Be7 7. Qe2 0-0 8. h3 h6 9. Be3 b5 10. a3 a6 11. Rad1 Re8 12. Nh2 exd4 13. Bxd4 c5 14. Bxf6 Bxf6 15. Nd5 Qd8 16. b3 Be6 17. c4 Nc6 18. Rb1 Bxd5 19. cxd5 Nd4 20. Qh5 Re5 21. Qd1 Rc8 22. f4 Re8 23. Nf3 Qa5 24. Qc1 Rxe4 1-0

[Event "Mazowiec-chT op"]
[Site "Mazowsze"]
[Date "2009.03.15"]
[Round "5"]
[White "Rogulski, Witold"]
[Black "Musiatowicz, Przemyslaw"]
[Result "1/2-1/2"]
[WhiteElo "2144"]
[BlackElo "1909"]
[PlyCount "102"]
[EventDate "2009.01.11"]
[EventType "team-tourn"]
[EventRounds "10"]
[EventCountry "POL"]
[SourceTitle "EXT 2013"]
[Source "ChessBase"]
[SourceDate "2012.11.22"]
[SourceVersion "1"]
[SourceVersionDate "2012.11.22"]
[SourceQuality "1"]

1. e4 c5 2. c3 Nc6 3. d4 cxd4 4. cxd4 g6 5. Nc3 Bg7 6. Be3 d6 7. Nf3 Nf6 8. Bc4 0-0 9. 0-0 a6 10. a4 Bd7 11. Qd2 Rc8 12. Bh6 Na5 13. Ba2 Qb6 14. Bxg7 Kxg7 15. e5 Ng8 16. Nd5 Qd8 17. Rac1 Nc6 18. b4 e6 19. Ne3 d5 20. Bb3 Qb6 21. Nc2 Nge7 22. a5 Nxa5 23. Bxd5 Nxd5 24. bxa5 Qb2 25. Ne3 Qxd2 26. Nxd2 Nc3 27. Kh1 Bb5 28. Rfe1 Ne2 29. Rxc8 Rxc8 30. Nf3 Nc1 31. d5 exd5 32. Nxd5 Nb3 33. h4 Nxa5 34. Nd4 Bc6 35. Ne7 Re8 36. Nexc6 Nxc6 37. Nxc6 bxc6 38. f4 c5 39. g4 Kf8 40. Kg2 Ke7 41. Ra1 c4 42. Rxa6 Rc8 43. f5 c3 44. Ra7+ Ke8 45. Ra1 c2 46. Rc1 gxf5 47. gxf5 Rc5 48. Kg3 Rxe5 49. Rxc2 Rxf5 50. Kg4 Rf1 51. Rc8+ Ke7 1/2-1/2

[Event "Mazowiec-chT op"]
[Site "Mazowsze"]
[Date "2009.03.01"]
[Round "4"]
[White "Rogulski, Witold"]
[Black "Kania, Wlodzimierz"]
[Result "1-0"]
[WhiteElo "2144"]
[BlackElo "1875"]
[PlyCount "142"]
[EventDate "2009.01.11"]
[EventType "team-tourn"]
[EventRounds "10"]
[EventCountry "POL"]
[SourceTitle "EXT 2013"]
[Source "ChessBase"]
[SourceDate "2012.11.22"]
[SourceVersion "1"]
[SourceVersionDate "2012.11.22"]
[SourceQuality "1"]

1. e4 e5 2. Nf3 Nc6 3. Bb5 a6 4. Ba4 Nf6 5. 0-0 d6 6. d4 exd4 7. Nxd4 Bd7 8. Nxc6 bxc6 9. Nc3 Be7 10. f4 0-0 11. h3 h6 12. e5 Nh7 13. Qf3 d5 14. Be3 f6 15. Nxd5 fxe5 16. Bxc6 Rb8 17. Nxe7+ Qxe7 18. Qd5+ Be6 19. Qxe5 Rf5 20. Qc3 Bd5 21. Rae1 Qe4 22. Bxd5+ Qxd5 23. Bd4 Rf7 24. Re5 Qd7 25. Rfe1 Rd8 26. Bc5 Nf6 27. Be7 Qd4+ 28. Qxd4 Rxd4 29. g3 Nd5 30. Bc5 Rd2 31. Re8+ Kh7 32. R8e2 Rxe2 33. Rxe2 a5 34. a3 Nf6 35. Re7 Kg8 36. Kg2 Nd7 37. Re8+ Kh7 38. Bd4 c5 39. Bc3 a4 40. Re6 Nf6 41. Bxf6 gxf6 42. Re4 Rb7 43. Rxa4 Rxb2 44. Rc4 Ra2 45. a4 Kg6 46. Kf3 Ra3+ 47. c3 f5 48. g4 fxg4+ 49. hxg4 Kf6 50. Rxc5 Rxa4 51. Rc6+ Kg7 52. c4 Ra5 53. Ke4 h5 54. g5 Kf7 55. Rh6 Rc5 56. Rf6+ Kg7 57. Kd4 Rc8 58. c5 Rh8 59. Rh6 Rf8 60. Ke4 Re8+ 61. Kf3 Re1 62. c6 Rc1 63. Rd6 Rc3+ 64. Kg2 h4 65. f5 Kf7 66. Rd7+ Ke8 67. g6 Rg3+ 68. Kh2 Rg5 69. Rf7 h3 70. Kxh3 Rg1 71. Ra7 Kd8 1-0

[Event "Mazowiec-chT 0708"]
[Site "Poland"]
[Date "2008.02.03"]
[Round "9"]
[White "Rogulski, Witold"]
[Black "Zygulski, Krzysztof"]
[Result "1-0"]
[WhiteElo "2128"]
[BlackElo "1940"]
[PlyCount "96"]
[EventDate "2007.10.14"]
[EventType "team-tourn"]
[EventRounds "10"]
[EventCountry "POL"]
[SourceTitle "EXT 2010"]
[Source "ChessBase"]
[SourceDate "2010.11.25"]
[SourceVersion "1"]
[SourceVersionDate "2010.11.25"]
[SourceQuality "1"]

1. e4 e6 2. d4 d5 3. Nc3 dxe4 4. Nxe4 Bd7 5. Bd3 Bc6 6. c3 Nd7 7. Ne2 Ngf6 8. Qc2 Nxe4 9. Bxe4 Bxe4 10. Qxe4 c6 11. 0-0 Nf6 12. Qc2 Be7 13. f4 Qd5 14. Ng3 g6 15. b3 0-0 16. Bb2 Rfd8 17. Rae1 Kf8 18. c4 Qd7 19. Qc3 Rac8 20. Rd1 Qc7 21. Qf3 Rd7 22. Ne2 h5 23. h3 h4 24. g4 hxg3 25. Nxg3 Rcd8 26. Kg2 Qa5 27. Rf2 Qb6 28. Rfd2 Qa5 29. Re2 Ba3 30. Ba1 Be7 31. h4 Qc7 32. Rf1 Qa5 33. Bc3 Bb4 34. Bb2 Ba3 35. Re5 Qa6 36. Bc3 Bd6 37. Ra5 Qb6 38. c5 Bxc5 39. dxc5 Qc7 40. Bxf6 Rd2+ 41. Rf2 R8d3 42. Rxd2 Rxd2+ 43. Kh3 Qxa5 44. f5 Qxa2 45. fxe6 Rh2+ 46. Kg4 Qd2 47. Be7+ Kxe7 48. Qxf7+ Kd8 1-0

[Event "Mazowieckie-chT 0506"]
[Site "Poland"]
[Date "2005.11.20"]
[Round "4"]
[White "Lokasto, Anatol"]
[Black "Rogulski, Witold"]
[Result "0-1"]
[WhiteElo "2245"]
[BlackElo "2058"]
[PlyCount "83"]
[EventDate "2005.10.09"]
[EventType "team-tourn"]
[EventRounds "9"]
[EventCountry "POL"]
[SourceTitle "EXT 2019"]
[Source "ChessBase"]
[SourceDate "2018.10.10"]
[SourceVersion "1"]
[SourceVersionDate "2018.10.10"]
[SourceQuality "1"]

1. e4 d6 2. d4 Nf6 3. Nc3 c6 4. Nf3 Bg4 5. Be3 e6 6. Bd3 d5 7. h3 Bh5 8. g4 Bg6 9. exd5 cxd5 10. Bb5+ Nfd7 11. Ne5 a6 12. Nxg6 hxg6 13. Bd3 Nc6 14. a3 Bd6 15. b4 b5 16. Qf3 Qc7 17. Ne2 Ne7 18. Bf4 Nb6 19. Bxd6 Qxd6 20. Qf4 Qc6 21. Kf1 Nc4 22. Kg2 f6 23. h4 a5 24. g5 e5 25. Qg3 Nf5 26. Bxf5 gxf5 27. gxf6 gxf6 28. Qg6+ Ke7 29. Qxf5 Nd6 30. Qf3 e4 31. Qh3 Qxc2 32. Nf4 Rag8+ 33. Kf1 Qc4+ 34. Ke1 f5 35. Qe3 Rxh4 36. Rxh4 Rg1+ 37. Kd2 Rxa1 38. Nxd5+ Qxd5 39. Rh7+ Ke8 40. Qg5 Qxd4+ 41. Kc2 Qd3+ 42. Kb2 0-1

[Event "Mazowieckie-chT 0506"]
[Site "Poland"]
[Date "2005.11.06"]
[Round "3"]
[White "Rogulski, Witold"]
[Black "Pac, Maciej"]
[Result "1-0"]
[WhiteElo "2058"]
[BlackElo "1830"]
[PlyCount "55"]
[EventDate "2005.10.09"]
[EventType "team-tourn"]
[EventRounds "9"]
[EventCountry "POL"]
[SourceTitle "EXT 2019"]
[Source "ChessBase"]
[SourceDate "2018.10.10"]
[SourceVersion "1"]
[SourceVersionDate "2018.10.10"]
[SourceQuality "1"]

1. e4 c5 2. c3 d6 3. d4 cxd4 4. cxd4 Nf6 5. Nc3 g6 6. Be2 Bg7 7. h4 h5 8. Nh3 Nc6 9. Ng5 Qb6 10. d5 Ne5 11. 0-0 Bh6 12. Be3 Qd8 13. Bd4 0-0 14. Qb3 a6 15. f4 Neg4 16. e5 dxe5 17. fxe5 Bxg5 18. hxg5 Nh7 19. Ne4 Bf5 20. Ng3 Qd7 21. Nxf5 gxf5 22. Qh3 Qxd5 23. Rf4 Nxg5 24. Qxh5 Ne4 25. Rxg4+ fxg4 26. Qxg4+ Kh8 27. Rd1 e6 28. Rd3 1-0

[Event "Mazowieckie-chT 0405"]
[Site "Poland"]
[Date "2004.10.03"]
[Round "1"]
[White "Adamski, Jan"]
[Black "Rogulski, Witold"]
[Result "1-0"]
[WhiteElo "2334"]
[BlackElo "2015"]
[PlyCount "39"]
[EventDate "2004.10.03"]
[EventType "team-tourn"]
[EventRounds "10"]
[EventCountry "POL"]
[SourceTitle "EXT 2019"]
[Source "ChessBase"]
[SourceDate "2018.10.10"]
[SourceVersion "1"]
[SourceVersionDate "2018.10.10"]
[SourceQuality "1"]

1. Nf3 Nf6 2. c4 e6 3. g3 b6 4. Bg2 Bb7 5. d4 Be7 6. Nc3 d5 7. Ne5 0-0 8. 0-0 Nbd7 9. cxd5 exd5 10. Qa4 Nb8 11. Rd1 Re8 12. Bg5 Ne4 13. Bxe7 Rxe7 14. Nxe4 dxe4 15. Rac1 Qd5 16. Rxc7 Nc6 17. Rxb7 Rxb7 18. Qxc6 Qxc6 19. Nxc6 Rc7 20. Bxe4 1-0